[Event "Chip 2004 Open Fide"]
[Site "?"]
[Date "????.??.??"]
[Round "7"]
[White "Maisuradze, N."]
[Black "Kirszenberg, M."]
[Result "1-0"]
[WhiteElo "2277"]
[BlackElo "2222"]
[PlyCount "54"]
[SourceDate "2004.07.04"]

1. d4 d5 2. c4 c6 3. Nf3 Nf6 4. Nc3 g6 5. e3 Bg7 6. h3 O-O 7. Bd3 c5 8. O-O Nc6
9. dxc5 dxc4 10. Bxc4 Qa5 11. e4 Qxc5 12. Qe2 e5 13. Bg5 Nd4 14. Nxd4 exd4 15.
Nd5 Nxd5 16. Bxd5 Be6 17. Rac1 Qb6 18. Bxe6 Qxe6 19. b3 Rfe8 20. Rfe1 a6 21.
Qd3 Rac8 22. Rxc8 Rxc8 23. Rc1 Rxc1+ 24. Bxc1 f5 25. f3 b5 26. Kf1 fxe4 27.
Qxe4 Kf7 1-0

[Event "Chip 2004 Open Fide"]
[Site "?"]
[Date "????.??.??"]
[Round "7"]
[White "Hajek, J."]
[Black "Derieux, C."]
[Result "1-0"]
[WhiteElo "2205"]
[BlackElo "2186"]
[PlyCount "129"]
[SourceDate "2004.07.04"]

1. d4 Nf6 2. c4 c5 3. d5 e6 4. Nc3 exd5 5. cxd5 d6 6. Nf3 g6 7. Nd2 Nbd7 8. e4
Bg7 9. Be2 O-O 10. O-O Re8 11. Qc2 Ne5 12. h3 g5 13. Nf3 Nxf3+ 14. Bxf3 Nd7 15.
Bg4 Ne5 16. Bxc8 Rxc8 17. f4 gxf4 18. Bxf4 c4 19. Bxe5 Rxe5 20. Rf3 b5 21. Raf1
Qb6+ 22. Kh1 Rc7 23. Ne2 Re8 24. Rg3 Kh8 25. Qd2 Be5 26. Rg4 b4 27. Qg5 f6 28.
Rxf6 Qb7 29. Re6 Rf8 30. Rxe5 dxe5 31. Qxe5+ Rg7 32. Nf4 Qf7 33. Ne6 Qf6 34.
Qxf6 Rxf6 35. Rxg7 Rxe6 36. Rxa7 Rxe4 37. Rb7 c3 38. bxc3 bxc3 39. Rc7 Rd4 40.
Rxc3 Rxd5 41. Ra3 Kg7 42. Ra6 Rd1+ 43. Kh2 Ra1 44. Kg3 Rf1 45. Kh4 Rf2 46. g4
Rf3 47. a4 Kf7 48. Ra7+ Kg6 49. Ra6+ Kg7 50. a5 h6 51. Rb6 Ra3 52. a6 Kh7 53.
g5 hxg5+ 54. Kxg5 Rg3+ 55. Kh4 Ra3 56. Rb7+ Kh6 57. a7 Ra4+ 58. Kg3 Kg6 59. Kf3
Kh6 60. Ke3 Kg6 61. Kd3 Kf6 62. Kc3 Ke6 63. h4 Kf6 64. Kb3 Ra1 65. Kc4 1-0

[Event "Chip 2004 Open Fide"]
[Site "?"]
[Date "????.??.??"]
[Round "7"]
[White "Landa, K."]
[Black "Apicella, M."]
[Result "1-0"]
[WhiteElo "2550"]
[BlackElo "2532"]
[PlyCount "79"]
[SourceDate "2004.07.04"]

1. e4 e6 2. d4 d5 3. Nc3 Bb4 4. e5 Ne7 5. a3 Bxc3+ 6. bxc3 c5 7. Qg4 O-O 8. Bd3
Nbc6 9. Qh5 Ng6 10. Nf3 Qc7 11. Be3 c4 12. Bxg6 fxg6 13. Qg4 Bd7 14. h4 Rf5 15.
Ng1 Raf8 16. Ne2 Qa5 17. Kd2 Ne7 18. Ng3 h5 19. Qh3 Nc6 20. Ne2 Qc7 21. g4 Rxe5
22. Qg3 hxg4 23. dxe5 Nxe5 24. Bf4 Rxf4 25. Qxf4 Nf3+ 26. Kc1 e5 27. Qe3 Qc6
28. Rd1 Bf5 29. Ng3 b6 30. a4 Kh7 31. a5 Qb5 32. axb6 axb6 33. h5 d4 34. cxd4
exd4 35. Rxd4 Nxd4 36. Qxd4 Qb4 37. c3 Qe7 38. Kb2 Bd3 39. h6 Qf6 40. hxg7 1-0

[Event "Chip 2004 Open Fide"]
[Site "?"]
[Date "????.??.??"]
[Round "7"]
[White "Kveinys, A."]
[Black "Calistri, T."]
[Result "1/2-1/2"]
[WhiteElo "2565"]
[BlackElo "2332"]
[PlyCount "70"]
[SourceDate "2004.07.04"]

1. e4 c5 2. Nf3 Nc6 3. Bb5 g6 4. Bxc6 dxc6 5. d3 Bg7 6. h3 Nf6 7. Nc3 O-O 8.
Be3 b6 9. Qd2 e5 10. Bh6 Qd6 11. O-O-O a5 12. Bxg7 Kxg7 13. Qg5 Re8 14. Nd2 h6
15. Qh4 b5 16. Ne2 g5 17. Qg3 a4 18. Qe3 Be6 19. Kb1 a3 20. b3 Rad8 21. Kc1 Nh5
22. g3 f6 23. Qf3 Kg6 24. Qg2 Rd7 25. Rhf1 Red8 26. f4 Bf7 27. Qg1 Kh7 28. fxg5
fxg5 29. Qe3 Be6 30. h4 g4 31. Nb1 c4 32. Rd2 cxb3 33. cxb3 c5 34. Kd1 b4 35.
Kc1 Ra8 1/2-1/2

[Event "Chip 2004 Open Fide"]
[Site "?"]
[Date "????.??.??"]
[Round "7"]
[White "Guyard, B."]
[Black "Borzakian, M."]
[Result "1-0"]
[WhiteElo "2232"]
[BlackElo "2200"]
[PlyCount "101"]
[SourceDate "2004.07.04"]

1. d4 g6 2. e4 d6 3. Nf3 Bg7 4. Bc4 Nf6 5. Qe2 Bg4 6. h3 Bxf3 7. Qxf3 Nc6 8.
Be3 O-O 9. O-O Nd7 10. c3 e5 11. Rd1 Kh8 12. g4 Qh4 13. d5 Ne7 14. Qg3 Qxg3+
15. fxg3 f5 16. Nd2 Nf6 17. gxf5 gxf5 18. Bg5 h6 19. Bh4 fxe4 20. Bxf6 Bxf6 21.
Nxe4 Bg5 22. Rd3 Nf5 23. Re1 Rg8 24. Kh2 Raf8 25. Rf3 Be7 26. Ref1 Ng7 27. Rf7
Rxf7 28. Rxf7 Bd8 29. Bd3 Re8 30. g4 Kg8 31. Rd7 Rf8 32. Kg3 b6 33. b4 a5 34.
a3 Kh8 35. c4 axb4 36. axb4 Kg8 37. c5 bxc5 38. bxc5 dxc5 39. Nxc5 Kh8 40. Bg6
Bg5 41. Ne6 Rg8 42. Rxc7 Bf6 43. Rf7 Bd8 44. d6 h5 45. d7 hxg4 46. hxg4 e4 47.
Bxe4 Nh5+ 48. Kf3 Nf6 49. Nxd8 Nxe4 50. Kxe4 Rxd8 51. Re7 1-0

[Event "Chip 2004 Open Fide"]
[Site "?"]
[Date "????.??.??"]
[Round "7"]
[White "Templier, N."]
[Black "Abergel, T."]
[Result "1/2-1/2"]
[WhiteElo "2274"]
[BlackElo "2442"]
[PlyCount "44"]
[SourceDate "2004.07.04"]

1. d4 Nf6 2. c4 e6 3. Nc3 Bb4 4. e3 Nc6 5. Nf3 O-O 6. Bd3 d6 7. Bd2 e5 8. d5
Ne7 9. a3 Bxc3 10. Bxc3 Re8 11. e4 Ng6 12. O-O Nh5 13. g3 Bh3 14. Re1 Qf6 15.
Bf1 Bg4 16. Bg2 Qd8 17. h3 Bxf3 18. Qxf3 Nf6 19. b4 Nd7 20. h4 Ne7 21. Bh3 b6
22. Qg4 Nf6 1/2-1/2

[Event "Chip 2004 Open Fide"]
[Site "?"]
[Date "????.??.??"]
[Round "7"]
[White "Renaudin, M."]
[Black "Lamorelle, Y."]
[Result "0-1"]
[WhiteElo "2205"]
[BlackElo "2255"]
[PlyCount "62"]
[SourceDate "2004.07.04"]

1. Nf3 Nf6 2. c4 g6 3. Nc3 Bg7 4. d4 O-O 5. e4 d6 6. Be2 e5 7. Be3 Ng4 8. Bg5
f6 9. Bc1 Na6 10. O-O Qe8 11. h3 Nh6 12. Re1 Nf7 13. Bf1 Be6 14. a3 Rd8 15. b4
Bc8 16. d5 Qe7 17. Qb3 Kh8 18. Be3 f5 19. exf5 gxf5 20. c5 b6 21. Nb5 e4 22.
Nfd4 Ne5 23. Nxa7 bxc5 24. Nxc8 Rxc8 25. Ne6 Nb8 26. Nxf8 Rxf8 27. bxc5 Nf3+
28. gxf3 Bxa1 29. Bg2 Qg7 30. Kh1 Rg8 31. Rg1 exf3 0-1

[Event "Chip 2004 Open Fide"]
[Site "?"]
[Date "????.??.??"]
[Round "7"]
[White "Peyrat, O."]
[Black "Ionescu, D."]
[Result "0-1"]
[WhiteElo "2272"]
[BlackElo "2395"]
[PlyCount "63"]
[SourceDate "2004.07.04"]

1. c4 g6 2. g3 Nf6 3. Bg2 Bg7 4. Nc3 O-O 5. d3 Nc6 6. e4 e6 7. f4 d5 8. e5 Nd7
9. cxd5 Nb4 10. a3 Nxd5 11. Nxd5 exd5 12. d4 c5 13. Ne2 cxd4 14. Nxd4 Nc5 15.
O-O f6 16. exf6 Qxf6 17. Nf3 Be6 18. Be3 Nb3 19. Rb1 d4 20. Bf2 Rad8 21. Re1 d3
22. Bxa7 d2 23. Re5 Kh8 24. Rb5 Bf5 25. Rxb3 Bxb1 26. Nxd2 Ba2 27. Rxb7 Qd6 28.
Rxg7 Kxg7 29. Be3 Rfe8 30. Qa1 Rxe3 31. Nf1 Qd4 32. Kh1 0-1

[Event "Chip 2004 Open Fide"]
[Site "?"]
[Date "????.??.??"]
[Round "7"]
[White "Goldsztejn, G."]
[Black "Sohier"]
[Result "1-0"]
[WhiteElo "2303"]
[BlackElo "2174"]
[PlyCount "55"]
[SourceDate "2004.07.04"]

1. d4 d5 2. c4 c6 3. Nc3 Nf6 4. Nf3 a6 5. c5 Nbd7 6. Bf4 Nh5 7. Qd2 g6 8. Bh6
b6 9. Bxf8 Kxf8 10. cxb6 Kg7 11. e3 Qxb6 12. Na4 Qc7 13. Bd3 a5 14. O-O Ba6 15.
Bxa6 Rxa6 16. Rac1 Nhf6 17. Qd3 Ra7 18. Rc2 Rc8 19. Rfc1 Qd6 20. Nd2 e5 21.
dxe5 Nxe5 22. Qd4 Re7 23. Nb6 Rcc7 24. Ndc4 Nxc4 25. Nxc4 Qb4 26. a3 Qa4 27.
Ne5 Qb3 28. Ng4 1-0

[Event "Chip 2004 Open Fide"]
[Site "?"]
[Date "????.??.??"]
[Round "7"]
[White "Callet, E."]
[Black "Sanchez, J."]
[Result "0-1"]
[WhiteElo "2204"]
[BlackElo "2453"]
[PlyCount "50"]
[SourceDate "2004.07.04"]

1. e4 c5 2. Nf3 Nc6 3. Bb5 Nf6 4. e5 Nd5 5. Nc3 Nc7 6. Bc4 g6 7. O-O Bg7 8. Re1
O-O 9. d3 b6 10. Bg5 h6 11. Bh4 Bb7 12. a3 d5 13. exd6 Qxd6 14. Bg3 e5 15. h4
Rae8 16. h5 g5 17. Qd2 Kh8 18. Rab1 f5 19. b4 Nd4 20. Nxd4 cxd4 21. Na2 Nd5 22.
c3 f4 23. Bh2 dxc3 24. Nxc3 Nxc3 25. Qxc3 Qc6 0-1

[Event "Chip 2004 Open Fide"]
[Site "?"]
[Date "????.??.??"]
[Round "7"]
[White "Fayard, A."]
[Black "Gollain, M."]
[Result "1/2-1/2"]
[WhiteElo "2253"]
[BlackElo "2177"]
[PlyCount "108"]
[SourceDate "2004.07.04"]

1. e4 e5 2. Nf3 Nc6 3. Bb5 a6 4. Ba4 Nf6 5. Bxc6 dxc6 6. d3 Bg4 7. h3 Bxf3 8.
Qxf3 Bc5 9. Nd2 Qe7 10. Nf1 Nd7 11. Bd2 O-O-O 12. Ng3 g6 13. O-O-O h5 14. Kb1
Nf8 15. Bc3 f6 16. Ne2 Ne6 17. Rhf1 Kb8 18. g3 Bd4 19. Bd2 Bb6 20. Qg2 Nd4 21.
f4 Nxe2 22. Qxe2 Rdf8 23. Rf3 Bc5 24. Rdf1 Qd7 25. Qg2 Rhg8 26. Bc3 exf4 27.
gxf4 g5 28. fxg5 fxg5 29. Rxf8+ Rxf8 30. Rxf8+ Bxf8 31. Qf3 Qe8 32. e5 Be7 33.
Kc1 Qg6 34. Kd1 g4 35. hxg4 hxg4 36. Qg2 Kc8 37. Ke2 Kd7 38. Qg3 Qf5 39. Bd2 c5
40. Bf4 Ke6 41. c3 Bg5 42. Bxg5 Qxg5 43. d4 cxd4 44. cxd4 Kd5 45. Kd3 c6 46. b4
Qf5+ 47. Kc3 Qe4 48. Qd3 Qe1+ 49. Kb3 b5 50. a3 g3 51. Qf3+ Kxd4 52. Qf4+ Kd5
53. Qf7+ Kd4 54. Qf4+ Kd5 1/2-1/2

[Event "Chip 2004 Open Fide"]
[Site "?"]
[Date "????.??.??"]
[Round "8"]
[White "Calistri, T."]
[Black "Golubev, M."]
[Result "1/2-1/2"]
[WhiteElo "2332"]
[BlackElo "2530"]
[PlyCount "131"]
[SourceDate "2004.07.04"]

1. e4 c5 2. Nf3 d6 3. d4 cxd4 4. Nxd4 Nf6 5. Nc3 g6 6. Be3 Bg7 7. f3 O-O 8. Qd2
Nc6 9. Bc4 Bd7 10. O-O-O Rc8 11. Bb3 Nxd4 12. Bxd4 b5 13. Nd5 Nxd5 14. Bxg7
Kxg7 15. exd5 a5 16. a3 b4 17. axb4 axb4 18. Qxb4 Kg8 19. Rhe1 Re8 20. Rd4 Rc5
21. Kd1 Qa8 22. Qd2 Qa1+ 23. Qc1 Qa7 24. Rde4 Bf5 25. R4e2 Rb8 26. Rxe7 Bxc2+
27. Bxc2 Rxd5+ 28. Bd3 Rxd3+ 29. Kc2 Rc8+ 30. Kxd3 Qa6+ 31. Ke3 Qb6+ 32. Kf4
Rxc1 33. Rxc1 Qd4+ 34. Kg3 g5 35. Re4 Qxb2 36. Rc7 h5 37. h4 gxh4+ 38. Rxh4
Qe5+ 39. Kf2 d5 40. Rd7 Qb2+ 41. Kg1 Qe5 42. Ra4 h4 43. Ra8+ Kg7 44. Raa7 Qe1+
45. Kh2 Qg3+ 46. Kg1 Qf4 47. Kf2 d4 48. Re7 Kg6 49. Ke2 Qc1 50. Rxf7 Qc2+ 51.
Kf1 Qc4+ 52. Ke1 Qxf7 53. Rxf7 Kxf7 54. Ke2 Kf6 55. f4 Ke6 56. Kf2 Kf6 57. Ke2
Ke6 58. Kf2 Kd5 59. Kf3 Kc4 60. f5 d3 61. f6 Kc3 62. f7 d2 63. f8=Q d1=Q+ 64.
Kf2 Qd4+ 65. Kf1 Qd1+ 66. Kf2 1/2-1/2

[Event "Chip 2004 Open Fide"]
[Site "?"]
[Date "????.??.??"]
[Round "8"]
[White "Baklan, V."]
[Black "Drasko, M."]
[Result "1/2-1/2"]
[WhiteElo "2595"]
[BlackElo "2464"]
[PlyCount "59"]
[SourceDate "2004.07.04"]

1. e4 e6 2. d4 d5 3. Nc3 Bb4 4. e5 Ne7 5. a3 Bxc3+ 6. bxc3 c5 7. Qg4 O-O 8. Bd3
Nbc6 9. Qh5 Ng6 10. Nf3 Qc7 11. Be3 Nce7 12. h4 Bd7 13. Qg5 f6 14. exf6 Rxf6
15. h5 h6 16. Qg3 Nf4 17. Bxf4 Qxf4 18. Qxf4 Rxf4 19. Ne5 Be8 20. g3 Rf8 21.
dxc5 Nc6 22. Nxc6 Bxc6 23. f4 e5 24. fxe5 Rae8 25. O-O-O Rxe5 26. g4 Bd7 27.
Bg6 Bxg4 28. Rde1 Rxe1+ 29. Rxe1 Bf5 30. Re7 1/2-1/2

[Event "Chip 2004 Open Fide"]
[Site "?"]
[Date "????.??.??"]
[Round "8"]
[White "Romanishin, 0."]
[Black "Hinks-Edwards, T."]
[Result "1-0"]
[WhiteElo "2541"]
[BlackElo "2366"]
[PlyCount "133"]
[SourceDate "2004.07.04"]

1. d4 Nf6 2. Nf3 e6 3. g3 c5 4. Bg2 cxd4 5. Nxd4 d5 6. O-O e5 7. Nb3 Be6 8. Nc3
Nc6 9. Bg5 d4 10. Ne4 Be7 11. Nec5 Bc8 12. e3 O-O 13. exd4 exd4 14. Re1 h6 15.
Bf4 a5 16. a4 Qb6 17. Bxc6 Bxc5 18. Bg2 Be6 19. Nxc5 Qxc5 20. Be5 Rad8 21. Bxf6
gxf6 22. Bxb7 Rb8 23. Be4 Kg7 24. b3 Rfe8 25. Qf3 Qc3 26. Qxc3 dxc3 27. Re3
Rbc8 28. Rd1 Rc5 29. h4 Rcc8 30. Bb7 Rc5 31. Ba6 Ra8 32. Bd3 Rd8 33. Rde1 Rc7
34. f3 Rc5 35. Kf2 Rc7 36. Rd1 f5 37. f4 Rd6 38. Ke1 Rc5 39. Be2 Rdc6 40. Bb5
Rc7 41. Ke2 Kf6 42. Rd6 Kg7 43. Kd1 Rc8 44. Kc1 Kf6 45. Bd3 h5 46. Rb6 Ke7 47.
Be2 R5c6 48. Rxc6 Rxc6 49. Bxh5 Kd6 50. Be2 Rc8 51. h5 Bd5 52. h6 Rh8 53. Rxc3
Rxh6 54. Bc4 Be4 55. Bxf7 Rh2 56. Kb2 Rg2 57. Bc4 Rg1 58. Re3 Rg2 59. Bd3 Kd5
60. Kc3 Rg1 61. Bc4+ Kc5 62. Be2 Rg2 63. g4 Rf2 64. gxf5 Rxf4 65. Bd3 Bxd3 66.
cxd3 Rxf5 67. Re5+ 1-0

[Event "Chip 2004 Open Fide"]
[Site "?"]
[Date "????.??.??"]
[Round "8"]
[White "Toulzac, P."]
[Black "Guyard, B."]
[Result "1/2-1/2"]
[WhiteElo "2297"]
[BlackElo "2232"]
[PlyCount "136"]
[SourceDate "2004.07.04"]

1. d4 Nf6 2. c4 g6 3. Nc3 Bg7 4. e4 O-O 5. Nf3 d6 6. Be2 e5 7. dxe5 dxe5 8.
Qxd8 Rxd8 9. Bg5 Re8 10. Nd5 Nxd5 11. cxd5 c6 12. Bc4 cxd5 13. Bxd5 Na6 14.
O-O-O Nc7 15. Bb3 Be6 16. Bxe6 Nxe6 17. Be3 Nd4 18. Bxd4 exd4 19. Rhe1 Rad8 20.
Kc2 Re6 21. Kd3 Ra6 22. Ra1 Rb6 23. Re2 Rc6 24. e5 Re6 25. Rae1 Rde8 26. Nxd4
Rxe5 27. Rxe5 Rxe5 28. Rxe5 Bxe5 29. Ke4 Bb8 30. h3 Kf8 31. Nb3 Ke7 32. Na5 Bc7
33. Nxb7 Bb6 34. f3 Ke6 35. b4 f5+ 36. Kd3 Kd5 37. b5 Ke5 38. a4 Kf4 39. Ke2
Ke5 40. Kd3 Kf4 41. a5 Bc7 42. b6 Bxb6 43. axb6 axb6 44. Ke2 Kg3 45. Kf1 b5 46.
Kg1 b4 47. Nc5 g5 48. Nb3 g4 49. hxg4 fxg4 50. fxg4 Kxg4 51. Kh2 Kh4 52. Nd4
Kg4 53. Kg1 Kg3 54. Kf1 h5 55. Nf5+ Kg4 56. Ne3+ Kg3 57. Nf5+ Kg4 58. Nd4 Kg3
59. Kg1 h4 60. Ne2+ Kg4 61. Kh2 b3 62. Nc3 b2 63. Nb1 Kf4 64. Kh3 Kg5 65. Nd2
Kh5 66. Kh2 Kg4 67. Nb1 Kf4 68. Nd2 Kg4 1/2-1/2

[Event "Chip 2004 Open Fide"]
[Site "?"]
[Date "????.??.??"]
[Round "8"]
[White "Agababean, N."]
[Black "Renaudin, M."]
[Result "1/2-1/2"]
[WhiteElo "2189"]
[BlackElo "2205"]
[PlyCount "125"]
[SourceDate "2004.07.04"]

1. d4 Nf6 2. Bg5 c5 3. Bxf6 gxf6 4. d5 Qb6 5. Qc1 f5 6. Nc3 Bg7 7. Nd1 d6 8. e3
Nd7 9. Nf3 Nf6 10. c4 e6 11. Qd2 Ne4 12. Qc2 Bd7 13. Nd2 Qa5 14. a4 Ke7 15. Be2
Qb4 16. Ra3 Nxd2 17. Qxd2 Bxb2 18. Qxb4 cxb4 19. Rb3 Ba3 20. Nc3 Rhc8 21. O-O
Rc5 22. e4 bxc3 23. Rxa3 fxe4 24. dxe6 Bxe6 25. Rxc3 Rac8 26. Re3 Re5 27. Rc1
d5 28. Rb1 d4 29. f4 dxe3 30. Rxb7+ Kf6 31. fxe5+ Kxe5 32. Kf1 Kd4 33. a5 a6
34. Rb6 Kc5 35. Ke1 Rc6 36. Rb7 h6 37. g4 f6 38. Rh7 f5 39. gxf5 Bxf5 40. Rf7
Bc8 41. h4 Kd4 42. Rf8 Ke5 43. h5 Be6 44. Rh8 Bf5 45. Re8+ Kf4 46. Rf8 Rc5 47.
Bd1 Rxa5 48. c5 Rxc5 49. Bb3 a5 50. Be6 Kg5 51. Rg8+ Kh4 52. Bxf5 Rxf5 53. Ke2
Rxh5 54. Re8 Kg3 55. Kxe3 Rg5 56. Rxe4 h5 57. Ke2 h4 58. Kf1 Rf5+ 59. Kg1 h3
60. Re1 h2+ 61. Kh1 Rf3 62. Ra1 a4 63. Ra3 1/2-1/2

[Event "Chip 2004 Open Fide"]
[Site "?"]
[Date "????.??.??"]
[Round "8"]
[White "Abergel, T."]
[Black "Shirazi, K."]
[Result "0-1"]
[WhiteElo "2442"]
[BlackElo "2394"]
[PlyCount "90"]
[SourceDate "2004.07.04"]

1. Nf3 Nf6 2. d4 d6 3. Bg5 Nbd7 4. Nbd2 h6 5. Bh4 e5 6. dxe5 dxe5 7. e4 Be7 8.
Bg3 Bd6 9. Bd3 Nh5 10. Nc4 Nxg3 11. hxg3 Bc5 12. Qd2 Qe7 13. O-O-O c6 14. Nh4
Nb6 15. f4 Bg4 16. Nf3 exf4 17. gxf4 O-O-O 18. Ne3 Be6 19. Kb1 g5 20. g3 f6 21.
Rhe1 gxf4 22. gxf4 h5 23. Nh4 Rhg8 24. Nhf5 Qc7 25. Qc3 Bxe3 26. Qxf6 Bxf4 27.
Qxe6+ Kb8 28. Rh1 Rge8 29. Qb3 Rh8 30. Rdg1 Be5 31. Nh4 c5 32. Bc4 Rd4 33. Bg8
Rb4 34. Qe6 Rxb2+ 35. Kc1 Rb4 36. Nf3 Bb2+ 37. Kd1 Qf4 38. Qf5 Rxe4 39. Qxf4+
Rxf4 40. Nd2 c4 41. Ke2 Bd4 42. Rg2 h4 43. Nf3 Re4+ 44. Kd2 Be3+ 45. Kc3 a5 0-1

[Event "Chip 2004 Open Fide"]
[Site "?"]
[Date "????.??.??"]
[Round "8"]
[White "Ionescu, D."]
[Black "Goldsztejn, G."]
[Result "1-0"]
[WhiteElo "2395"]
[BlackElo "2303"]
[PlyCount "77"]
[SourceDate "2004.07.04"]

1. d4 e6 2. e4 c5 3. Nf3 cxd4 4. Nxd4 Nc6 5. Nc3 Qc7 6. Be2 a6 7. a4 Nf6 8. O-O
Bb4 9. Qd3 O-O 10. Nxc6 dxc6 11. f4 e5 12. f5 Rd8 13. Qf3 Qb6+ 14. Kh1 Bd7 15.
Nd1 Bf8 16. a5 Qc7 17. Ne3 c5 18. c4 Be8 19. Nd5 Nxd5 20. exd5 f6 21. Bd2 Bf7
22. Bc3 Rd7 23. Bd3 Re8 24. Be4 Kh8 25. g4 Be7 26. h4 Rg8 27. Rg1 Qd8 28. Raf1
b5 29. axb6 Qxb6 30. Rg2 Qb3 31. Bd3 g5 32. fxg6 Bxg6 33. g5 Bxd3 34. Qxd3 Rd6
35. Qe4 Rg7 36. Rgf2 Rg6 37. Rf3 Qb6 38. gxf6 Rdxf6 39. Qxe5 1-0

[Event "Chip 2004 Open Fide"]
[Site "?"]
[Date "????.??.??"]
[Round "8"]
[White "Templier, N."]
[Black "Kveinys, A."]
[Result "0-1"]
[WhiteElo "2274"]
[BlackElo "2565"]
[PlyCount "78"]
[SourceDate "2004.07.04"]

1. d4 Nf6 2. c4 e6 3. Nc3 Bb4 4. e3 O-O 5. Bd3 d5 6. Nge2 b6 7. cxd5 exd5 8.
O-O Re8 9. a3 Bd6 10. Ng3 Bb7 11. Qc2 a6 12. b4 h5 13. f3 Bf8 14. Qf2 c5 15.
bxc5 bxc5 16. Bd2 Nbd7 17. Rfc1 g6 18. Na4 c4 19. Bc2 Bc6 20. Nc3 Rb8 21. Ra2
Bd6 22. Re1 Qc7 23. Nf1 Nf8 24. Kh1 Ne6 25. h3 Qa7 26. Bc1 Bf8 27. Rd1 Nc7 28.
Qg3 Nb5 29. Nb1 Qd7 30. a4 Nd6 31. Nc3 Bh6 32. Ba3 Nf5 33. Bxf5 Qxf5 34. Bd6
Rb3 35. Qe1 Qe6 36. Be5 Nd7 37. Qd2 Nxe5 38. dxe5 Qxe5 39. Nxd5 Rd3 0-1

[Event "Chip 2004 Open Fide"]
[Site "?"]
[Date "????.??.??"]
[Round "8"]
[White "Mendeiros, J."]
[Black "Payen, A."]
[Result "0-1"]
[WhiteElo "2227"]
[BlackElo "2400"]
[PlyCount "70"]
[SourceDate "2004.07.04"]

1. e4 e5 2. Nf3 d6 3. d4 exd4 4. Nxd4 Nf6 5. Nc3 Be7 6. Bd3 O-O 7. O-O a6 8. a4
c5 9. Nde2 Nc6 10. f4 Nb4 11. f5 Bd7 12. Nf4 b5 13. Re1 Qb6 14. Kh1 Rfe8 15.
Be2 Qb7 16. Bf3 Bc6 17. Ncd5 Nbxd5 18. exd5 Bd7 19. axb5 axb5 20. Rxa8 Qxa8 21.
g4 h6 22. Nh3 h5 23. g5 Ng4 24. Be4 Bd8 25. Bf4 Qa2 26. Bxd6 Bxg5 27. Bxc5 Qc4
28. Qd4 Rxe4 29. Rxe4 Qf1+ 30. Ng1 Be3 31. Qxe3 Nxe3 32. Rxe3 Qc4 33. Rc3 Qxd5+
34. Nf3 Bxf5 35. Kg1 Bxc2 0-1

[Event "Chip 2004 Open Fide"]
[Site "?"]
[Date "????.??.??"]
[Round "8"]
[White "Lamorelle, Y."]
[Black "Salaun, Y."]
[Result "0-1"]
[WhiteElo "2255"]
[BlackElo "2336"]
[PlyCount "62"]
[SourceDate "2004.07.04"]

1. e4 c5 2. Nf3 e6 3. c3 d5 4. e5 Nc6 5. d4 Bd7 6. Be2 Nge7 7. Na3 Ng6 8. Nc2
Be7 9. Bd3 O-O 10. h4 cxd4 11. cxd4 f6 12. Ng5 fxg5 13. hxg5 Rf5 14. Bxf5 exf5
15. Qh5 Nf8 16. Bd2 Rc8 17. f4 Nxe5 18. fxe5 Rxc2 19. Qf3 Qb6 20. Bc3 Qa6 21.
Kd1 Ba4 22. b3 Rxc3 23. Qxc3 Bc6 24. e6 Nxe6 25. Qh3 Nxg5 26. Qxf5 Bd7 27. Qxd7
Qd3+ 28. Ke1 Bb4+ 29. Kf2 Ne4+ 30. Kg1 Qxd4+ 31. Kh2 Qe5+ 0-1

[Event "Chip 2004 Open Fide"]
[Site "?"]
[Date "????.??.??"]
[Round "8"]
[White "Lamorelle, J."]
[Black "Peyrat, O."]
[Result "1-0"]
[WhiteElo "2202"]
[BlackElo "2272"]
[PlyCount "61"]
[SourceDate "2004.07.04"]

1. e4 c6 2. d4 d5 3. e5 Bf5 4. h4 h5 5. c4 dxc4 6. Bxc4 e6 7. Nc3 Nd7 8. Nge2
Nb6 9. Bd3 Bxd3 10. Qxd3 Qd7 11. Bg5 f6 12. exf6 gxf6 13. Bf4 Ne7 14. Ne4 Ned5
15. O-O Kf7 16. Qf3 Be7 17. Rfe1 Rag8 18. Bg3 Kg7 19. Nc5 Qc8 20. Nc3 Bxc5 21.
dxc5 Na8 22. Ne4 b5 23. Rad1 Rf8 24. Bd6 Rf7 25. Ng3 Rh6 26. Nxh5+ Kh7 27. Nf4
Nxf4 28. Bxf4 Rxh4 29. Bg5 Ra4 30. Bxf6 Kg6 31. Re5 1-0

[Event "Chip 2004 Open Fide"]
[Site "?"]
[Date "????.??.??"]
[Round "8"]
[White "Pile, R."]
[Black "Simon, O."]
[Result "0-1"]
[WhiteElo "2268"]
[BlackElo "2309"]
[PlyCount "98"]
[SourceDate "2004.07.04"]

1. e4 c5 2. Nf3 d6 3. Bb5+ Bd7 4. Bxd7+ Qxd7 5. c4 Nf6 6. Nc3 g6 7. d4 cxd4 8.
Nxd4 Bg7 9. f3 O-O 10. Be3 Nc6 11. O-O a6 12. Nd5 Rab8 13. Rc1 e6 14. Nxf6+
Bxf6 15. b3 Qc7 16. Qd2 Rfd8 17. Rfd1 Rbc8 18. Kh1 Nxd4 19. Bxd4 Bxd4 20. Qxd4
Qa5 21. Qd2 Qxd2 22. Rxd2 Kf8 23. Kg1 Ke7 24. Rdc2 Rc6 25. Kf2 Rdc8 26. Ke3 b5
27. Kd3 b4 28. a3 Rb6 29. Ra1 Rcb8 30. a4 Rc6 31. Rac1 Rc5 32. g3 Rbc8 33. Kd4
f5 34. f4 fxe4 35. Kxe4 Rf8 36. Rd2 g5 37. Rcd1 Rd8 38. fxg5 Rxg5 39. Rf2 Re5+
40. Kd4 Rf8 41. Rxf8 Kxf8 42. Rf1+ Ke7 43. Kd3 Rh5 44. Rf2 Rh3 45. Kd4 Rh5 46.
Kd3 a5 47. h4 Rh6 48. c5 d5 49. Rc2 Rg6 0-1

[Event "Chip 2004 Open Fide"]
[Site "?"]
[Date "????.??.??"]
[Round "8"]
[White "Bardy, V."]
[Black "Dudognon, M."]
[Result "1-0"]
[WhiteElo "1977"]
[BlackElo "2235"]
[PlyCount "67"]
[SourceDate "2004.07.04"]

1. e4 g6 2. d4 Bg7 3. c4 c5 4. d5 d6 5. Nc3 Na6 6. Bd3 Nh6 7. Nf3 O-O 8. h3 f5
9. e5 dxe5 10. Nxe5 e6 11. O-O Nc7 12. Bf4 g5 13. Bh2 f4 14. Qe2 Qf6 15. Nf3
exd5 16. cxd5 g4 17. Nd2 gxh3 18. Nde4 Qg6 19. g3 Bf5 20. Nxc5 Bd4 21. N3e4
Rae8 22. Rae1 fxg3 23. Bxg3 Rxe4 24. Nxe4 Bxe4 25. Qxe4 Qxg3+ 26. Kh1 Qf3+ 27.
Qxf3 Rxf3 28. Bc4 Na6 29. d6+ Kg7 30. d7 Bb6 31. Rg1+ Kf6 32. Re6+ Kf5 33. Rxb6
Ng4 34. Rxg4 1-0

[Event "Chip 2004 Open Fide"]
[Site "?"]
[Date "????.??.??"]
[Round "8"]
[White "Gollain, M."]
[Black "Martsynovskaya, M."]
[Result "1-0"]
[WhiteElo "2177"]
[BlackElo "2235"]
[PlyCount "111"]
[SourceDate "2004.07.04"]

1. e4 e5 2. Nf3 Nc6 3. Bb5 Nd4 4. Nxd4 exd4 5. O-O Qh4 6. d3 Bc5 7. f4 Ne7 8.
Nd2 O-O 9. Nf3 Qh5 10. Ne5 Qxd1 11. Rxd1 c6 12. Ba4 d5 13. Kh1 f6 14. Nf3 Bg4
15. h3 Bh5 16. g4 Bf7 17. Bb3 Rad8 18. f5 Rfe8 19. Bf4 g6 20. Kg2 dxe4 21. dxe4
Bb6 22. Re1 Bxb3 23. axb3 Nc8 24. Rad1 c5 25. fxg6 hxg6 26. g5 Ba5 27. gxf6
Bxe1 28. Rxe1 Re6 29. e5 Rde8 30. Kf2 Ra6 31. Rg1 Ne7 32. Ng5 Nd5 33. f7+ Kf8
34. fxe8=Q+ Kxe8 35. Kf3 Ra2 36. Ke4 Nxf4 37. Kxf4 Rxb2 38. Rc1 d3 39. cxd3
Rxb3 40. Rxc5 Rxd3 41. Rc7 Rb3 42. Nf7 Rxh3 43. Rxb7 a5 44. e6 Rd3 45. Ke5 Re3+
46. Kf6 Rf3+ 47. Kxg6 Rd3 48. Kf6 Rf3+ 49. Ke5 Re3+ 50. Kd5 Re1 51. Nd6+ Kf8
52. Rf7+ Kg8 53. Ra7 Kf8 54. Rxa5 Ke7 55. Ra7+ Kf8 56. Nf5 1-0

[Event "Chip 2004 Open Fide"]
[Site "?"]
[Date "????.??.??"]
[Round "8"]
[White "Ferry, R."]
[Black "Maisuradze, N."]
[Result "0-1"]
[WhiteElo "2185"]
[BlackElo "2277"]
[PlyCount "82"]
[SourceDate "2004.07.04"]

1. d4 d5 2. Nf3 Nf6 3. Bf4 e6 4. e3 b6 5. Nbd2 Be7 6. h3 O-O 7. Bd3 c5 8. c3
Ba6 9. Bxa6 Nxa6 10. Ne5 Qc8 11. Qa4 Nb8 12. O-O Nfd7 13. Ndf3 Qb7 14. Rfe1 Rc8
15. dxc5 Nxc5 16. Qc2 f6 17. Ng4 e5 18. Bg3 Ne4 19. Nd2 Nxg3 20. fxg3 Nd7 21.
e4 dxe4 22. Kh2 f5 23. Qb3+ Kh8 24. Qf7 Bg5 25. Nxe5 Bxd2 26. Rf1 Rc7 27. Rxf5
Nf6 28. Qe6 Re7 29. Qd6 Qc7 30. Qxd2 Rxe5 31. Qf4 Rc5 32. Rxc5 Qxc5 33. g4 Re8
34. g5 Nd7 35. Qd2 Qe5+ 36. g3 Nc5 37. Qe3 Nd3 38. Rf1 Qc5 39. Qd2 e3 40. Qxd3
e2 41. Rf5 Qxf5 0-1

[Event "Chip 2004 Open Fide"]
[Site "?"]
[Date "????.??.??"]
[Round "8"]
[White "Rey, F."]
[Black "Fayard, A."]
[Result "1-0"]
[WhiteElo "2202"]
[BlackElo "2253"]
[PlyCount "69"]
[SourceDate "2004.07.04"]

1. e4 e5 2. Nf3 Nc6 3. d4 exd4 4. Nxd4 Bc5 5. Be3 Qf6 6. c3 Nge7 7. g3 d6 8.
Bg2 O-O 9. Nxc6 Nxc6 10. Bxc5 dxc5 11. f4 b6 12. e5 Qg6 13. O-O Ba6 14. Re1
Rad8 15. Qa4 Nb8 16. Be4 Qg4 17. Qc2 h5 18. Bh7+ Kh8 19. Bf5 Qf3 20. Be4 Qg4
21. Nd2 h4 22. Kf2 g6 23. Nf3 hxg3+ 24. hxg3 Kg7 25. Rh1 Rh8 26. Rad1 Rxh1 27.
Rxh1 Qd7 28. Ng5 Rh8 29. Rxh8 Kxh8 30. Ke3 Kg7 31. Qh2 Bc8 32. Qh7+ Kf8 33.
Qh8+ Ke7 34. Qf6+ Ke8 35. e6 1-0